Central Library OPAC University of Rajshahi

The younger children's encyclopaedia / (Record no. 1091)

MARC details
000 -LEADER
fixed length control field 00902nam a2200253 a 4500
001 - CONTROL NUMBER
control field 1091
003 - CONTROL NUMBER IDENTIFIER
rucl marc code BD-RjUL
005 - DATE AND TIME OF LATEST TRANSACTION
control field 20211208233256.0
008 - FIXED-LENGTH DATA ELEMENTS--GENERAL INFORMATION
fixed length control field 131124q19601965enka j 000 0 eng d
035 ## - SYSTEM CONTROL NUMBER
System control number 1113
040 ## - CATALOGING SOURCE
Original cataloging agency OPP
Transcribing agency OPP
Language of cataloging eng
Modifying agency BD-RjUL
041 ## - LANGUAGE CODE
Language code of text/sound track or separate title eng
082 00 - DEWEY DECIMAL CLASSIFICATION NUMBER
Classification number 030
Author mark and year YOU 1965
090 ## - LOCALLY ASSIGNED LC-TYPE CALL NUMBER (OCLC); LOCAL CALL NUMBER (OCLC)
Classification number (OCLC) (R) ; Classification number, CALL (RLIN) (NR) AG5
Local cutter number (OCLC) ; Book number/undivided call number, CALL (RLIN) .Y9
245 04 - TITLE STATEMENT
Title The younger children's encyclopaedia /
Statement of responsibility, etc. advisory editors, J.C. Hill, M.G. Rawlins, W.G. Moore.
260 ## - PUBLICATION, DISTRIBUTION, ETC. (IMPRINT)
Place of publication, distribution, etc. London :
Name of publisher, distributor, etc. Odhams Press,
Date of publication, distribution, etc. [Between ca. 1960 and 1965]
300 ## - PHYSICAL DESCRIPTION
Pagination 384 p., [14] leaves of plates :
Illustrations ill. ;
Size 26 cm.
500 ## - GENERAL NOTE
General note Date of publication suggested by the original cataloguer of the Opie Collection.
650 #0 - SUBJECT ADDED ENTRY--TOPICAL TERM
Topical term or geographic name as entry element Children's encyclopedias and dictionaries.
9 (RLIN) 3214
700 1# - ADDED ENTRY--PERSONAL NAME
Personal name Hill, John C.
Fuller form of name (John Campbell),
Dates associated with a name 1888-
Personal name Rawlins, Margaret G.
Personal name Moore, W. G.
Fuller form of name (Wilfred George),
Dates associated with a name 1907-
942 ## - ADDED ENTRY ELEMENTS (KOHA)
Source of classification or shelving scheme Dewey Decimal Classification
Koha item type Books
Holdings
Lost status Source of classification or shelving scheme Damaged status Not for loan Collection code Permanent Location Current Location Shelving location Date acquired Source of acquisition Cost, normal purchase price Total Checkouts Full call number Date last seen Copy number Koha item type
  Dewey Decimal Classification   Not For Loan Reference Central Library, University of Rajshahi Central Library, University of Rajshahi   19/12/1956 West pak. pub. 2.40   030 YOU 1965 24/11/2013 C-1 Books